000 00703nam a22001937a 4500
005 20251108165502.0
008 250721s1989 xx 000 0 ara d
082 1 4 _aم/217.5/خلا
100 1 _aالخلال، أبو بكر أحمد بن محمد بن هارون
245 1 0 _aكتاب الوقوف :
_bمن مسائل الإمام أحمد بن حنبل الشيباني /
264 1 _aالرياض :
_bمكتبة المعارف،
_c1989.
300 _a2مج
650 1 7 _aالإسلام
650 1 7 _aالفقه الإسلامي
650 1 7 _aالفقه الحنبلي
700 1 _aالزيد، عبد الله بن أحمد بن علي
_eتحقيق
942 _2ddc
_cREF
999 _c29033
_d29033